| 000 | 01393nam a2200217Ia 4500 | ||
|---|---|---|---|
| 003 | Ost | ||
| 005 | 20260507075125.0 | ||
| 008 | 260507s9999||||xx |||||||||||||| ||und|| | ||
| 040 | _cfsecg | ||
| 041 | _aara | ||
| 082 | _a330 | ||
| 100 |
_aالزبيدي، حمزة محمود _eمؤلف |
||
| 245 | 0 |
_aالإدارة المالية المتقدمة / _c حمزة محمود الزبيدي |
|
| 260 |
_aعمان: _bالوراق للنشر والتوزيع, _c2004 |
||
| 300 |
_a984 صفحة؛ _bإيضاحات ؛ _c24 سم |
||
| 520 | _aالإدارة المالية نظرة في المضمون العام-أهداف الإدارة المالية-وظائف الإدارة المالية-الإدارة النقدية والإستثمارات القصيرة الأجل-إدارة الحسابات المدينة-إدارة المخزون السلعي-القيمة الزمنية للنقود-العائد المتوقع والمخاطرة وخط التوازن-الموازنة الإستثمارية-تقييم الأوراق المالية-كلفة الأموال-الرفع المالي وهيكل الأموال-إدارة التمويل-نظريات توزيع الأرباح-مصادر التمويل في شركات الأموال | ||
| 653 | _aإدارة الأعمال | ||
| 653 | _aالإدارة المالية | ||
| 653 | _aالمالية العامة | ||
| 942 | _cكتاب | ||
| 999 |
_c43131 _d43131 |
||